[Event "Pro Am 2009 Villa Martelli"]
[Site "?"]
[Date "2009.10.23"]
[Round "8.6"]
[White "Zuriel, Marisa"]
[Black "Godoy, Carlos"]
[Result "1/2-1/2"]
[WhiteElo "2184"]
[BlackElo "2131"]
[PlyCount "88"]
[EventDate "2009.10.22"]
[SourceDate "2009.10.25"]

1. e4 c5 2. Nf3 d6 3. d4 cxd4 4. Nxd4 Nf6 5. Nc3 a6 6. g3 e6 7. Bg2 Be7 8. O-O
Qc7 9. Be3 Nc6 10. Nxc6 bxc6 11. Na4 Rb8 12. c4 O-O 13. b3 c5 14. Nc3 Bb7 15.
Rc1 Bc6 16. Re1 Qb7 17. Bf4 Rbd8 18. Qe2 Rfe8 19. Rcd1 h6 20. g4 Nh7 21. Bg3
Bf6 22. Rd3 Bd4 23. Bh4 g5 24. Bg3 f5 25. h3 Nf6 26. Kh1 Bxc3 27. Rxc3 Nxe4 28.
Bxe4 Bxe4+ 29. f3 Bc6 30. Rd1 f4 31. Bf2 e5 32. Kh2 e4 33. fxe4 Bxe4 34. Qd2
Bf3 35. Re1 Be4 36. Rcc1 Qf7 37. Rcd1 h5 38. gxh5 Qxh5 39. Rxe4 Rxe4 40. Qd5+
Kh8 41. Qxe4 Qxd1 42. Qg6 Rf8 43. Qh6+ Kg8 44. Qg6+ Kh8 1/2-1/2

[Event "Pro Am 2009 Villa Martelli"]
[Site "?"]
[Date "2009.10.23"]
[Round "8.7"]
[White "Malbran, Guillermo"]
[Black "Alvarez, Roberto"]
[Result "1/2-1/2"]
[WhiteElo "2195"]
[BlackElo "2097"]
[PlyCount "26"]
[EventDate "2009.10.22"]
[SourceDate "2009.10.25"]

1. e4 d6 2. d4 Nf6 3. Nc3 e5 4. Nf3 Nbd7 5. Bc4 Be7 6. O-O O-O 7. Re1 c6 8. a4
b6 9. Ba2 Bb7 10. Nh4 exd4 11. Qxd4 d5 12. exd5 Bc5 13. Qf4 cxd5 1/2-1/2

[Event "Pro Am 2009 Villa Martelli"]
[Site "?"]
[Date "2009.10.23"]
[Round "8.8"]
[White "Antonel, Lucas"]
[Black "Miserendino, Alfredo"]
[Result "0-1"]
[WhiteElo "1880"]
[BlackElo "2155"]
[PlyCount "96"]
[EventDate "2009.10.22"]
[SourceDate "2009.10.25"]

1. e4 c6 2. d4 d5 3. Nd2 dxe4 4. Nxe4 Nd7 5. Bc4 e6 6. f4 Ngf6 7. Ng3 c5 8. Be3
b5 9. Be2 Nd5 10. Bf2 Bb7 11. Bf3 cxd4 12. Bxd4 Qc7 13. N1e2 Bc5 14. Ne4 Bxd4
15. Nxd4 O-O 16. Qd2 Qxf4 17. Qxf4 Nxf4 18. g3 Nd5 19. Nxb5 Ne5 20. O-O Nxf3+
21. Rxf3 Nb4 22. Rf4 Nxc2 23. Rc1 Ne3 24. Ned6 Bd5 25. Kf2 Nf5 26. Nxf5 exf5
27. Rxf5 Bxa2 28. Rc7 a6 29. Nd4 Rab8 30. b3 Bxb3 31. Ra5 Bd1 32. Ra1 Rb2+ 33.
Ke3 Re8+ 34. Kd3 Be2+ 35. Nxe2 Rbxe2 36. Rxa6 Rxh2 37. Raa7 Rf2 38. Re7 Rf8 39.
Ke3 Rf6 40. Rad7 h6 41. Ke4 Kh7 42. g4 Kg6 43. Re5 Ra8 44. Rd4 Ra1 45. Kd5 Ra5+
46. Ke4 Rxe5+ 47. Kxe5 Kg5 48. Re4 Re6+ 0-1

[Event "Pro Am 2009 Villa Martelli"]
[Site "?"]
[Date "2009.10.23"]
[Round "8.9"]
[White "Godoy, Luciano"]
[Black "Galleto, Ricardo"]
[Result "1-0"]
[WhiteElo "2101"]
[BlackElo "2041"]
[PlyCount "81"]
[EventDate "2009.10.22"]
[SourceDate "2009.10.25"]

1. d4 d5 2. Nf3 Nc6 3. Bf4 Bg4 4. e3 Nf6 5. Be2 e6 6. O-O Ne4 7. Ne5 Bxe2 8.
Qxe2 Nxe5 9. Bxe5 f6 10. Bg3 c6 11. Nc3 Nxc3 12. bxc3 h5 13. e4 h4 14. Bf4 Kf7
15. Rfe1 dxe4 16. Qxe4 Qd5 17. Rab1 b6 18. Qe2 g5 19. c4 Qf5 20. Bd2 Bd6 21.
Qe4 Qxe4 22. Rxe4 Be7 23. a4 a6 24. Rbe1 Rhe8 25. g3 f5 26. R4e2 hxg3 27. hxg3
g4 28. Kg2 Bd6 29. f3 gxf3+ 30. Kxf3 Bf8 31. Bf4 Bg7 32. Be5 Bf6 33. Kf4 Rad8
34. c3 Be7 35. Rh1 Kg6 36. Bc7 Bd6+ 37. Bxd6 Rxd6 38. Reh2 Kf6 39. Rh6+ Ke7 40.
Ke5 Rd7 41. Rxe6+ 1-0

[Event "Pro Am 2009 Villa Martelli"]
[Site "?"]
[Date "2009.10.23"]
[Round "8.10"]
[White "Perez, Mario Abel"]
[Black "Quinzio, Martin"]
[Result "0-1"]
[WhiteElo "2107"]
[BlackElo "1972"]
[PlyCount "102"]
[EventDate "2009.10.22"]
[SourceDate "2009.10.25"]

1. d4 Nf6 2. Nf3 e6 3. Bg5 d5 4. e3 Bd6 5. Nbd2 Nbd7 6. Bd3 c5 7. c3 Qc7 8. Qc2
c4 9. Be2 b5 10. O-O Bb7 11. Rfe1 a5 12. b3 O-O 13. Bh4 Rfc8 14. bxc4 bxc4 15.
Bg3 Bc6 16. Bxd6 Qxd6 17. e4 Nxe4 18. Nxe4 dxe4 19. Nd2 Bd5 20. Nxe4 Qa3 21.
Bf3 h6 22. Rab1 Rab8 23. Nd2 Bxf3 24. Rxb8 Nxb8 25. Nxf3 Nd7 26. d5 exd5 27.
Qf5 Nb6 28. Ne5 Rf8 29. h3 Qxc3 30. Re3 Qd4 31. Rg3 Qh4 32. Ng4 Kh8 33. Qe5 Qg5
34. Qd4 Nd7 35. h4 Qf5 36. Nxh6 Qf6 37. Qxd5 Nb6 38. Qxa5 Qxh6 39. Rg5 Qf6 40.
Rg3 Ra8 41. Qd2 Rd8 42. Qe3 Nd5 43. Qe4 Nf4 44. Rg4 Rd4 45. Qa8+ Kh7 46. Qf3
Ne6 47. Qe2 Rxg4 48. Qxg4 Qd4 49. Qf5+ Kg8 50. Qb5 c3 51. Qe8+ Nf8 0-1

[Event "Pro Am 2009"]
[Site "Villa Martelli"]
[Date "2009.10.24"]
[Round "9.1"]
[White "Rodriguez Vila, Andres"]
[Black "Bulcourf, Carlos"]
[Result "1-0"]
[WhiteElo "2527"]
[BlackElo "2160"]
[PlyCount "93"]
[EventDate "2009.??.??"]

1. e4 Nf6 2. d3 d5 3. e5 Ng4 4. f4 c5 5. Be2 Nc6 6. Nf3 h5 7. O-O g6 8. Na3 e6
9. c3 a6 10. Nc2 d4 11. Ng5 Nh6 12. Ne4 Be7 13. b4 cxb4 14. cxb4 Nf5 15. Rb1 b5
16. a4 Bb7 17. axb5 axb5 18. Nc5 Qb6 19. Nxb7 Qxb7 20. Bf3 Ra6 21. Be4 Qd7 22.
Bd2 O-O 23. Qf3 Rc8 24. Rb2 Bd8 25. g3 f6 26. exf6 Bxf6 27. Rc1 Nfe7 28. Ne1
Kg7 29. Rc5 Nd8 30. Rbc2 Rxc5 31. Rxc5 Ra2 32. Nc2 Nf7 33. h3 Nd6 34. g4 Nxe4
35. Qxe4 hxg4 36. hxg4 Kf7 37. Be1 e5 38. fxe5 Bxe5 39. Qxe5 Qxg4+ 40. Qg3 Qd1
41. Qf4+ Ke8 42. Qd2 Qg4+ 43. Qg2 Qd1 44. Re5 Rxc2 45. Qxg6+ Kd8 46. Qd6+ Kc8
47. Qe6+ 1-0

[Event "Pro Am 2009"]
[Site "Villa Martelli"]
[Date "2009.10.24"]
[Round "9.2"]
[White "Iermito, Sebastian"]
[Black "De Dovitiis, Alejo"]
[Result "1-0"]
[WhiteElo "2438"]
[BlackElo "2349"]
[PlyCount "53"]
[EventDate "2009.??.??"]

1. e4 c5 2. Nf3 e6 3. d4 cxd4 4. Nxd4 a6 5. Bd3 Nf6 6. O-O Qc7 7. Qe2 Nc6 8.
Nxc6 dxc6 9. e5 Nd7 10. Re1 b5 11. Bf4 h6 12. Nd2 g5 13. Bg3 Bg7 14. Ne4 Bxe5
15. Nc5 Bxg3 16. Nxe6 Bxh2+ 17. Kh1 Qb8 18. Nc7+ Kd8 19. Nxa8 Be5 20. Bf5 f6
21. Rad1 Re8 22. Qe3 Qxa8 23. Qb6+ Ke7 24. Qc7 Rd8 25. Qd6+ Kf7 26. Qe6+ Kg7
27. Qe7+ 1-0

[Event "Pro Am 2009"]
[Site "Villa Martelli"]
[Date "2009.10.24"]
[Round "9.3"]
[White "Miserendino, Alfredo"]
[Black "Slipak, Sergio"]
[Result "0-1"]
[WhiteElo "2155"]
[BlackElo "2468"]
[PlyCount "70"]
[EventDate "2009.??.??"]

1. d4 d5 2. c4 dxc4 3. Nf3 Nf6 4. e3 Bg4 5. Bxc4 e6 6. h3 Bh5 7. O-O a6 8. Be2
Nc6 9. Nbd2 Bd6 10. b3 O-O 11. Bb2 Qe7 12. e4 Ba3 13. Bc3 Rad8 14. Qc2 Bb4 15.
e5 Nd5 16. Bb2 Nf4 17. Bc4 Bxd2 18. Qxd2 Nxh3+ 19. gxh3 Bxf3 20. Qf4 Bd5 21.
Bd3 f5 22. h4 Nb4 23. Rfd1 Kh8 24. a3 Nc6 25. b4 Rg8 26. h5 g5 27. Qh2 Qf7 28.
Kf1 g4 29. Ke1 Rg5 30. h6 f4 31. Kd2 Bf3 32. Qh4 Qh5 33. Rh1 Bxh1 34. Qxh1 Qxh1
35. Rxh1 Nxd4 0-1

[Event "Pro Am 2009 Villa Martelli"]
[Site "?"]
[Date "2009.10.24"]
[Round "9.4"]
[White "Obregon, Andres Carlos"]
[Black "Scarella, Enrique"]
[Result "0-1"]
[WhiteElo "2439"]
[BlackElo "2361"]
[PlyCount "82"]
[EventDate "2009.10.22"]
[SourceDate "2009.10.25"]

1. e4 c5 2. Nf3 d6 3. d4 cxd4 4. Nxd4 Nf6 5. Nc3 Nc6 6. Bg5 a6 7. Qd2 e6 8.
O-O-O Bd7 9. f3 Be7 10. h4 b5 11. Nxc6 Bxc6 12. Ne2 Rc8 13. Nd4 O-O 14. g4 Bb7
15. Bd3 Nd7 16. Kb1 Ne5 17. Qe1 Re8 18. Bxe7 Rxe7 19. f4 Nc4 20. h5 Qb6 21. Nb3
f6 22. h6 g6 23. Rh3 e5 24. fxe5 Nxe5 25. Qg3 Nxd3 26. cxd3 a5 27. g5 a4 28.
Na1 Qd4 29. gxf6 Rec7 30. Qe3 Qxf6 31. Rf3 Qe5 32. Rdf1 b4 33. Qf2 Qe7 34. Qd2
Ba6 35. Qxb4 Qg5 36. Qe1 Qxh6 37. Qd1 Rc1+ 38. Qxc1 Rxc1+ 39. Rxc1 Qd2 40. d4
Bd3+ 41. Nc2 Bxc2+ 0-1

[Event "Pro Am 2009 Villa Martelli"]
[Site "?"]
[Date "2009.10.24"]
[Round "9.5"]
[White "Godoy, Carlos"]
[Black "Godoy, Luciano"]
[Result "0-1"]
[WhiteElo "2131"]
[BlackElo "2101"]
[PlyCount "51"]
[EventDate "2009.10.22"]
[SourceDate "2009.10.25"]

1. e4 e6 2. d4 d5 3. Nc3 Bb4 4. e5 Ne7 5. a3 Bxc3+ 6. bxc3 c5 7. Nf3 b6 8. Bd3
Ba6 9. a4 Bxd3 10. Qxd3 Nbc6 11. O-O cxd4 12. Ba3 dxc3 13. Qxc3 Rc8 14. Qd3 Na5
15. Nd4 O-O 16. f4 Nc4 17. Bxe7 Qxe7 18. Rf3 f5 19. Rh3 Nb2 20. Qe2 Rc4 21. c3
Nxa4 22. Qd2 a6 23. Re3 Rfc8 24. Nxf5 exf5 25. Qxd5+ Kh8 26. e6 0-1

[Event "Pro Am 2009 Villa Martelli"]
[Site "?"]
[Date "2009.10.24"]
[Round "9.6"]
[White "Alvarez, Roberto"]
[Black "Barrionuevo, Pablo"]
[Result "0-1"]
[WhiteElo "2097"]
[BlackElo "2327"]
[PlyCount "98"]
[EventDate "2009.10.22"]
[SourceDate "2009.10.25"]

1. d4 Nf6 2. Nf3 g6 3. c4 Bg7 4. Nc3 d5 5. e3 O-O 6. Be2 c5 7. O-O cxd4 8. exd4
dxc4 9. Bxc4 Nbd7 10. Re1 Nb6 11. Bb3 Bf5 12. Bg5 Rc8 13. Ne5 a6 14. Qf3 Rc7
15. Rad1 Nc8 16. h3 Nd6 17. Bxf6 exf6 18. Ng4 Bxg4 19. Qxg4 f5 20. Qf3 Rd7 21.
Re2 Qh4 22. Kh2 Bxd4 23. Red2 Bxc3 24. bxc3 Qf6 25. c4 Rdd8 26. c5 Ne4 27. Rd5
Rc8 28. Bc2 Nc3 29. Rd6 Qe5+ 30. g3 Nxd1 31. Rxd1 Rxc5 32. Bb3 Rc7 33. Rd5 Qe4
34. Qd1 f4 35. Rd8 fxg3+ 36. fxg3 Qe7 37. Rd2 Re8 38. Rf2 Qc5 39. Qf3 Ree7 40.
h4 Qe5 41. Qd3 Kg7 42. Qf3 Rc3 43. Qg4 f5 44. Qh3 f4 45. Rg2 fxg3+ 46. Rxg3
Qe2+ 47. Qg2 Rxg3 48. Qxe2 Rh3+ 49. Kxh3 Rxe2 0-1

[Event "Pro Am 2009 Villa Martelli"]
[Site "?"]
[Date "2009.10.24"]
[Round "9.7"]
[White "Leeuw, Pablo"]
[Black "Malbran, Guillermo"]
[Result "1/2-1/2"]
[WhiteElo "2066"]
[BlackElo "2195"]
[PlyCount "30"]
[EventDate "2009.10.22"]
[SourceDate "2009.10.25"]

1. e4 Nf6 2. e5 Nd5 3. d4 d6 4. Nf3 Bg4 5. Be2 c6 6. Ng5 Bf5 7. e6 fxe6 8. Bh5+
g6 9. g4 Bxc2 10. Qxc2 gxh5 11. Nxe6 Qc8 12. Qf5 Nc7 13. Qxh5+ Kd7 14. Nxc7
Kxc7 15. O-O Nd7 1/2-1/2

[Event "Pro Am 2009 Villa Martelli"]
[Site "?"]
[Date "2009.10.24"]
[Round "9.8"]
[White "Quinzio, Martin"]
[Black "Zuriel, Marisa"]
[Result "0-1"]
[WhiteElo "1972"]
[BlackElo "2184"]
[PlyCount "66"]
[EventDate "2009.10.22"]
[SourceDate "2009.10.25"]

1. d4 Nf6 2. Nf3 g6 3. Bf4 Bg7 4. e3 d6 5. h3 O-O 6. Bd3 Nbd7 7. Nbd2 Qe8 8. e4
e5 9. dxe5 dxe5 10. Be3 Qe7 11. c3 Rd8 12. Qe2 Nc5 13. Bc2 a5 14. O-O b6 15.
Rfd1 Ba6 16. Bxc5 Qxc5 17. Qe1 Nh5 18. Nf1 Bh6 19. Rxd8+ Rxd8 20. Rd1 Rxd1 21.
Qxd1 Nf4 22. Ng3 Qe7 23. Kh2 Bf8 24. Qd2 h5 25. Kg1 Bh6 26. Qe1 Qf6 27. Nh2 Bf8
28. b3 Bc5 29. c4 Bc8 30. Ne2 Ne6 31. Nf1 Ng5 32. Nh2 Bxh3 33. gxh3 Bxf2+ 0-1

[Event "Pro Am 2009 Villa Martelli"]
[Site "?"]
[Date "2009.10.24"]
[Round "9.9"]
[White "Rasgido, Alejandro"]
[Black "Restuccia, Francisco"]
[Result "1/2-1/2"]
[WhiteElo "2002"]
[BlackElo "2156"]
[PlyCount "53"]
[EventDate "2009.10.22"]
[SourceDate "2009.10.25"]

1. d4 Nf6 2. Bg5 e6 3. e4 h6 4. Bxf6 Qxf6 5. Nc3 Bb4 6. Qd2 d6 7. Nf3 Nc6 8.
Bb5 Bd7 9. a3 Ba5 10. O-O a6 11. Bxc6 Bxc6 12. d5 Bd7 13. e5 dxe5 14. Rfe1 Rd8
15. Rxe5 O-O 16. b4 Bb6 17. Ne4 Qg6 18. Ng3 Bb5 19. Ne4 exd5 20. Ng3 Rfe8 21.
Rae1 Rxe5 22. Rxe5 Bc4 23. Re7 Qf6 24. Qe1 Kf8 25. Re5 c6 26. Rf5 Qe7 27. Ne5
1/2-1/2

[Event "Pro Am 2009 Villa Martelli"]
[Site "?"]
[Date "2009.10.24"]
[Round "9.10"]
[White "Pradines, Emmanuel"]
[Black "Della Morte, German"]
[Result "1/2-1/2"]
[WhiteElo "1970"]
[BlackElo "2341"]
[PlyCount "99"]
[EventDate "2009.10.22"]
[SourceDate "2009.10.25"]

1. e4 e5 2. Nc3 Nf6 3. g3 Nc6 4. Bg2 Bc5 5. Nge2 a6 6. h3 d6 7. O-O Be6 8. Nd5
O-O 9. Kh2 Bxd5 10. exd5 Ne7 11. c4 Nf5 12. Qc2 Nd4 13. Nxd4 Bxd4 14. d3 Nd7
15. Be3 Bxe3 16. fxe3 Qg5 17. e4 c6 18. dxc6 bxc6 19. b4 Qe3 20. a4 Rfb8 21.
Qc3 Qd4 22. Qd2 a5 23. b5 Nc5 24. Ra3 cxb5 25. axb5 a4 26. Qf2 Qxf2 27. Rxf2
Ra7 28. g4 Kf8 29. Kg3 Ke7 30. Kf3 h5 31. g5 h4 32. Kg4 Rh8 33. Bf1 g6 34. Rb2
Rh5 35. Rba2 Kd7 36. Rf2 Kc8 37. Rf6 Rd7 38. Be2 Kb7 39. Bd1 Ne6 40. Rxa4 Rxg5+
41. Kxh4 Rg1 42. Bg4 Ng7 43. Ra6 Ne8 44. Rf1 Rxf1 45. Bxd7 Nf6 46. Bg4 Ne8 47.
Bd7 Nf6 48. Bg4 Ne8 49. Bd7 Nf6 50. Bg4 1/2-1/2